Catálogo
 En Linea

Foundation design and construction / (Registro nro. 11238)

Detalles MARC
000 -CABECERA
campo de control de longitud fija 00772cam a2200265 4500
001 - NÚMERO DE CONTROL
campo de control 000011543
005 - FECHA Y HORA DE LA ÚLTIMA TRANSACCIÓN
campo de control 20200929162503.0
008 - DATOS DE LONGITUD FIJA--INFORMACIÓN GENERAL
campo de control de longitud fija 690903s1969 enkaf b 001 0 eng
010 ## - NÚMERO DE CONTROL DE LA BIBLIOTECA DEL CONGRESO
Número de control de LC 72404546
015 ## - NÚMERO DE BIBLIOGRAFÍA NACIONAL
Número de bibliografía nacional B69-09054
020 ## - NÚMERO INTERNACIONAL ESTÁNDAR DEL LIBRO
Número Internacional Estándar del Libro 0273402862
040 ## - FUENTE DE LA CATALOGACIÓN
Centro catalogador/agencia de origen DO-SdBNP
Centro/agencia transcriptor DLC
Centro/agencia modificador DLC
050 00 - SIGNATURA TOPOGRÁFICA DE LA BIBLIOTECA DEL CONGRESO
Número de clasificación TA775
Número de documento/Ítem .T6 1969
082 00 - NÚMERO DE LA CLASIFICACIÓN DECIMAL DEWEY
Número de clasificación 624/.15
100 1# - ENTRADA PRINCIPAL--NOMBRE DE PERSONA
Nombre de persona Tomlinson, M. J.
Forma completa/desarrollada del nombre (Michael John)
9 (RLIN) 27303
245 10 - MENCIÓN DE TÍTULO
Título Foundation design and construction /
Mención de responsabilidad, etc. [by] M. J. Tomlinson.
250 ## - MENCIÓN DE EDICIÓN
Mención de edición 2nd ed.
260 ## - PUBLICACIÓN, DISTRIBUCIÓN, ETC.
Lugar de publicación, distribución, etc. London, :
Nombre del editor, distribuidor, etc. Pitman,
Fecha de publicación, distribución, etc. 1969.
300 ## - DESCRIPCIÓN FÍSICA
Extensión xiv, 785 p. :
Otras características físicas 16 plates, illus. index. ;
Dimensiones 23 cm.
350 ## - PRECIO (NR) (BK AM CF MU VM SE) [OBSOLETO]
Precio 5/10/-
500 ## - NOTA GENERAL
Nota general Text on lining papers.
504 ## - NOTA DE BIBLIOGRAFÍA, ETC.
Nota de bibliografía, etc. Bibliographical footnotes.
650 #0 - PUNTO DE ACCESO ADICIONAL DE MATERIA--TÉRMINO DE MATERIA
Término de materia o nombre geográfico como elemento de entrada Foundations.
9 (RLIN) 27304
910 ## - DATOS DE OPCIÓN DEL USUARIO (OCLC)
Datos de opción del usuario Catalogación derivada
Existencias
Estado de retiro Estado de pérdida Restricciones de uso No para préstamo Código de colección Localización permanente Ubicación/localización actual Ubicación en estantería Fecha de adquisición Número de inventario Total de préstamos Signatura topográfica completa Código de barras Fecha visto por última vez Precio válido a partir de Tipo de ítem Koha
    Préstamo interno   Monografías: Libros y Folletos General General En catalogación 20.10.2009 LF1   624/.15 11543-10 25.06.2020 25.06.2020 Préstamo interno

Con tecnología Koha